| 000 | 00488nam a2200217Ia 4500 | ||
|---|---|---|---|
| 999 |
_c7988 _d7988 |
||
| 003 | 0100 | ||
| 005 | 20190219121946.0 | ||
| 008 | 130303s9999 xx 000 0 und d | ||
| 020 | _a1561010855 | ||
| 040 | _cARRUPELIB | ||
| 050 | _aBX2350.2.H761985 | ||
| 100 |
_aHughes, Gerard W _95314 |
||
| 245 |
_aGod of surprises _cGerard W. Hughes |
||
| 260 |
_aCambridge _bDarton, Longman and Todd _c1985 |
||
| 300 |
_axvi, 162p. ; _c22cm. |
||
| 700 |
_aGerard W. Hughes _944783 |
||
| 942 | 0 | 0 |
_02 _2lcc _cMONOGRAPH |